000 00533cam a22001457a 4500
008 180718b2003 xxu||||| |||| 00| 0 eng d
082 _aAPPPA 2002-03 PAR/20
100 _aParmar, Renu S.
245 _aModels of success in the works of Deepak Chopra, Shiv Khera and humanistic psychology
_cby Renu S. Parmar
260 _aNew Delhi
_bIndian Institute of Public Administration
_c2003
300 _a106p.
500 _aAn APPPA M.Phil dissertation, 2002-03 (Guide: Jaideep Singh)
650 _aAPPPA
650 _aHumanistic psychology
999 _c492717
_d492717